| 000 | 00373 a2200157 4500 | ||
|---|---|---|---|
| 001 | 193151 | ||
| 020 | _a978-85-67265-07-0 | ||
| 040 | _cMagnum | ||
| 100 | _aBitarães, Adriano | ||
| 240 | 1 | 0 |
_aPor onde andará a vaca amarela? _lpor |
| 245 | 1 | 0 | _aPor onde andará a vaca amarela? |
| 300 | _a32 | ||
| 362 | 0 | _a2016 | |
| 697 | _aLITERATURA INFANTO-JUVENIL | ||
| 942 | _cBK | ||
| 999 |
_c193151 _d193151 |
||